Statistics for Odd One Out: Harry Potter Edition

Click here to take the quiz!

General Stats

  • This quiz has been taken 76 times
  • The average score is 12 of 15

Answer Stats

QuestionAnswer% Correct
Quidditch Balls:Golf Balls
97%
Hogwarts Houses:Wampus
95%
Deathly Hallows:Deluminators
94%
Gryffindors:Luna Lovegood
94%
DADA Teachers:Tom Riddle
94%
Triwizard Champions:Angelina Johnson
92%
Horcruxes:Gryffindors Sword
89%
Actors in the movies:Ian McKellen
86%
Residents of Godric's Hollow:Ron Weasley
85%
Shops in Diagon Alley:Honeydukes
80%
Hogwarts Heads of House:Professor Trelawney
79%
Muggle-Borns:Mrs. Figg
74%
Spellbooks needed for the school year:Tales of Beedle the Bard
62%
Countries with a wizarding school:India
61%
Left Hogwarts before finishing 7th year:Tom Riddle
42%

Score Distribution

Percentile by Number Answered

Percent of People with Each Score

Your Score History

You have not taken this quiz